Loading...
| Art - Music/Opera | 0 | 2 | 0 | 0 | 20 | 110 | 125.00 | 0 | 1 |
| Art - Painting/Sculpture | 0 | 1 | 0 | 0 | 10 | 150 | 150.00 | 0 | 0 |
| History - European | 0 | 1 | 0 | 0 | 10 | 59 | 59.00 | 0 | 1 |
| History - World | 0 | 1 | 0 | 1 | 10 | 132 | 132.00 | 0 | 0 |
| Literature - American long fiction | 0 | 1 | 0 | 0 | 10 | 118 | 118.00 | 0 | 0 |
| Philosophy - Enlightenment | 0 | 1 | 0 | 0 | 10 | 131 | 131.00 | 0 | 0 |
| Religion - Hinduism | 0 | 1 | 0 | 0 | 10 | 96 | 96.00 | 0 | 0 |
| Philosophy - Ancient | 0 | 1 | 0 | 1 | 10 | 148 | 148.00 | 0 | 0 |
| Social Science - Anthropology | 0 | 1 | 0 | 0 | 10 | 130 | 130.00 | 0 | 0 |
| Social Science - Psychology | 0 | 1 | 1 | 0 | 5 | 139 | 139.00 | 0 | 0 |
| Science - Biology | 0 | 0 | 1 | 0 | -5 | 0.00 | 0 | 0 |